Veturia (Record no. 161814)

MARC details
000 -LEADER
campo de control de longitud fija 00786nam a22001695i 4500
001 - NÚMERO DE CONTROL
campo de control 161814
003 - IDENTIFICADOR DE NÚMERO DE CONTROL
campo de control ES-MaACL
005 - FECHA Y HORA DE LA ÚLTIMA TRANSACCIÓN
campo de control 20251111063351.0
008 - DATOS DE LONGITUD FIJA--INFORMACIÓN GENERAL
campo de control de longitud fija 041022s1871 sp |||| | spa d
040 ## - FUENTE DE CATALOGACIÓN
Centro catalogador/agencia de origen CAM
Lengua de catalogación spa
Centro/agencia transcriptor CAM
100 1# - ENTRADA PRINCIPAL--NOMBRE DE PERSONA
Nombre de persona Pérez Echevarría, Francisco,
Fechas asociadas al nombre 1842-1884
9 (RLIN) 131463
245 10 - MENCIÓN DEL TÍTULO
Título Veturia
Resto del título : tragedia en un acto y en verso /
Mención de responsabilidad, etc. original de Francisco Pérez Echevarría.
260 ## - PUBLICACIÓN, DISTRIBUCIÓN, ETC.
Lugar de publicación, distribución, etc. Madrid :
Nombre del editor, distribuidor, etc. [s.n.],
Fecha de publicación, distribución, etc. 1871 (
Fabricante Imprenta de Gabriel Alhambra)
300 ## - DESCRIPCIÓN FÍSICA
Extensión 30 p. ;
Dimensiones 19 cm.
852 ## - LOCALIZACIÓN
Ubicación ES-MaACL
Número de control de estantería F-8575(4)
Nota libre -- Enc. pasta española
-- -- Dedicatoria ms. del autor: "A mi querido amigo Sr. D. Emilio Alcaraz
condición física -- Falto de la cub. original
Nota libre -- Enc. en un vol. facticio formando parta de la Col. "Teatro español moderno" vol. 28
Holdings
Estatus retirado Estado de pérdida Estado de daño No para préstamo Colección Biblioteca de origen Biblioteca actual Ubicación en estantería Fecha de adquisición Total de préstamos Signatura topográfica completa Código de barras Visto por última vez Precio de reemplazo Tipo de ítem Koha
        Libros del s. XIX Biblioteca del Ateneo de Madrid Biblioteca del Ateneo de Madrid Sala Pecera Planta 2 17/01/2008   F-8575(4) 1169504 23/02/2023 23/02/2023 Libro impreso antiguo